000 00417cam a2200169ua 4500
041 _aeng
_h
082 _a828.09
_bDOB/MO
100 _aDobree, Bonamy .
245 _aModern prose style /
_cBonamy Dobree.
_hTextual Documents
250 _a2 /
_b.
260 _aLondon :
_bOxford at the Clarendon Press ,
_c1964.
300 _a306 ; .
504 _a
942 _cBK
999 _c3911
_d3911